United Kingdom Eurovision Entries - Statistics

General Stats
  • This quiz has been taken 170 times
    31 since last reset
  • The average score is 22 of 66
Answer Stats
Year Song Answer % Correct
2022 "Space Man" Sam Ryder
83%
1981 "Making Your Mind Up" Bucks Fizz
78%
1997 "Love Shine a Light" Katrina and the Waves
78%
1976 "Save Your Kisses for Me" Brotherhood of Man
74%
1969 "Boom Bang-a-Bang" Lulu
74%
2023 "I Wrote a Song" Mae Muller
74%
2024 "Dizzy" Olly Alexander
74%
1967 "Puppet on a String" Sandie Shaw
74%
1968 "Congratulations" Cliff Richard
70%
1973 "Power to All Our Friends" Cliff Richard
70%
2021 "Embers" James Newman
70%
2012 "Love Will Set You Free" Engelbert Humperdinck
61%
1993 "Better the Devil You Know" Sonia
61%
2011 "I Can" Blue
52%
2013 "Believe in Me" Bonnie Tyler
52%
2007 "Flying the Flag (For You)" Scooch
52%
1996 "Ooh Aah... Just a Little Bit" Gina G
48%
2003 "Cry Baby" Jemini
43%
2019 "Bigger Than Us" Michael Rice
39%
1974 "Long Live Love" Olivia Newton-John
35%
1986 "Runner in the Night" Ryder
35%
2018 "Storm" SuRie
35%
2006 "Teenage Life" Daz Sampson
30%
2015 "Still in Love With You" Electro Velvet
30%
2016 "You're Not Alone" Joe and Jake
30%
2017 "Never Give Up on You" Lucie Jones
30%
1992 "One Step Out of Time" Michael Ball
30%
2008 "Even If" Andy Abraham
26%
1971 "Jack in the Box" Clodagh Rodgers
26%
2009 "It's My Time" Jade Ewen
26%
2005 "Touch My Fire" Javine
26%
2010 "That Sounds Good to Me" Josh Dubovie
26%
1995 "Love City Groove" Love City Groove
26%
2014 "Children of the Universe" Molly
26%
1999 "Say it Again" Precious
26%
1991 "A Message to Your Heart" Samantha Janus
26%
1982 "One Step Further" Bardo
22%
1998 "Where Are You?" Imaani
22%
2002 "Come Back" Jessica Garlick
22%
1970 "Knock, Knock Who's There?" Mary Hopkin
22%
1988 "Go" Scott Fitzgerald
22%
1972 "Beg, Steal or Borrow" The New Seekers
22%
1975 "Let Me Be the One" The Shadows
22%
1979 "Mary Ann" Black Lace
17%
1960 "Looking High, High, High" Bryan Johnson
17%
1977 "Rock Bottom" Lynsey de Paul and Mike Moran
17%
1984 "Love Games" Belle and the Devotions
13%
1978 "The Bad Old Days" Co-Co
13%
1990 "Give a Little Love Back to the World" Emma
13%
1994 "We Will Be Free (Lonely Symphony)" Frances Ruffelle
13%
2004 "Hold On to Our Love" James Fox
13%
1965 "I Belong" Kathy Kirby
13%
1966 "A Man Without Love" Kenneth McKellar
13%
1989 "Why Do I Always Get It Wrong?" Live Report
13%
1964 "I Love the Little Things" Matt Monro
13%
1957 "All" Patricia Bredin
13%
1987 "Only the Light" Rikki
13%
1962 "Ring-a-Ding Girl" Ronnie Carroll
13%
1963 "Say Wonderful Things" Ronnie Carroll
13%
1961 "Are You Sure?" The Allisons
13%
1985 "Love Is..." Vikki
13%
2001 "No Dream Impossible" Lindsay Dracass
9%
2000 "Don't Play That Song Again" Nicki French
9%
1959 "Sing Little Birdie" Pearl Carr and Teddy Johnson
9%
1980 "Love Enough for Two" Prima Donna
9%
1983 "I'm Never Giving Up" Sweet Dreams
9%
No matching quizzes found
Score Distribution
Percent of People with Each Score
Percentile by Number Answered
Your Score History
You have not taken this quiz since the last reset